zpět

Detail výsledku týmu

Duncan bar, Kladno

Datum a čas kvízu

14.5 Celkem bodů Celkový počet nahraných bodů na tomto kvízu bez doplňovacích otázek.
8. Pořadí na kvízu Konečné umístění týmu na tomto kvízu.

Zaznamenané odpovědi

# Otázka Odpověď Body Výsledky
1. Podle průzkumu společnosti Saf... 0
2. "Filosof a revolucionář Karl M... 0
3. Americká Akademie filmových um... 0
4. Desítky nových "hackerů" ročně... 1
5. Minulý týden začala první cykl... 0
6. Košile patří k základním typům... 1
7. Dámská obdoba košile se nejčas... 0
8. Jak se jmenuje tento politik,... 0
9. Ze kterého česko-německého tel... 0
10. Polotriko, zkráceně polo, je j... 0